| 000 | 00458nam a2200157Ia 4500 | ||
|---|---|---|---|
| 008 | 150121s9999 xx 000 0 und d | ||
| 020 | _a2094-5159 | ||
| 245 |
_aManila / _h[electronic resource] |
||
| 260 |
_bManila Studies Association, _c2013. |
||
| 516 | _aElectronic text | ||
| 650 | _aPhilippine History. | ||
| 650 | _aSocial Sciences. | ||
| 830 | _aPhilippine E-Journals | ||
| 856 | _uhttp://www.ejournals.ph/index.php?journal=MANILA | ||
| 942 | _cEJ | ||
| 999 |
_c277058 _d277058 |
||